| 000 | 00918nam a22002655i 4500 | ||
|---|---|---|---|
| 001 | 15689 | ||
| 003 | ES-MaACL | ||
| 005 | 20250630032854.0 | ||
| 007 | t| | ||
| 008 | 000504s1993 sp ||||0| spa | ||
| 020 | _a84-7793-263-8 | ||
| 080 | _a339.5(460:82+89)"17/18" | ||
| 100 | 1 |
_aSilva, Hernán Asdrúbal. _9106367 |
|
| 245 | 1 | 3 |
_aEl comercio entre España y el Río de la Plata _b: (1778-1810) / _cHernán Asdrúbal Silva. |
| 260 |
_aMadrid : _bBanco de España, Servicio de Estudios, _c1993. |
||
| 300 |
_a148 p. : _bgráf. ; _c24 cm. |
||
| 490 | 1 |
_aEstudios de historia económica ; _v26 |
|
| 500 | _aÍndice. | ||
| 504 | _aBibliografía: p. 137-144. | ||
| 651 |
_aEspaña- _xComercio exterior- _zRío de la Plata (Región) _9171487 |
||
| 710 | 2 |
_aBanco de España _92104 |
|
| 830 | 1 |
_aEstudios de historia económica ; _v26 _9179607 |
|
| 852 |
_aES-MaACL _jL-22996 |
||
| 999 |
_c15689 _d15689 |
||